000 00556nam a22001937a 4500
003 OSt
005 20160816143534.0
008 160816b xxu||||| |||| 00| 0 eng d
020 _a0727908952
040 _c040a
082 _aWB 141
_bH82 1995
245 _aHow to do it :
_b2 examinations/ academia/research and communication /
_cDeborah Reece
260 _aLondon
_bBMJ Publishing group
_c1995
300 _ax, 227p;
_bill :
_c13 cm.
504 _aIncludes index
650 _aExaminations
_910699
700 _aReece, Deborah
_910700
942 _2z
_cO_SHELF
999 _c5001
_d5001